[Event "ESP-ch (Women)"]
[Site "Linares"]
[Date "2017.08.25"]
[Round "7"]
[White "Rodriguez Perez, Marta"]
[Black "Roces Heres, Sara"]
[Result "1-0"]
[WhiteElo "1277"]
[BlackElo "1567"]
[PlyCount "102"]
[EventDate "2017.08.21"]
[EventType "swiss"]
[EventRounds "9"]
[EventCountry "ESP"]
[SourceTitle "CBM 180 Extra"]
[Source "ChessBase"]
[SourceDate "2017.10.06"]
[SourceVersion "1"]
[SourceVersionDate "2017.10.06"]
[SourceQuality "1"]

1. c4 e5 2. Nc3 Nf6 3. g3 Nc6 4. Bg2 Bc5 5. e3 d6 6. Nge2 Bf5 7. 0-0 Bd3 8. b3 Nb4 9. Bb2 Rb8 10. a3 Nc6 11. b4 Bb6 12. Qb3 0-0 13. Rfe1 a5 14. b5 Ne7 15. Na4 Bf5 16. d4 Ng6 17. c5 dxc5 18. dxc5 Be6 19. Qc2 Ba7 20. Rad1 Qc8 21. Rd2 Ra8 22. c6 bxc6 23. Qxc6 Rb8 24. Rc1 Rd8 25. Rxd8+ Qxd8 26. Qxc7 Rc8 27. Qxd8+ Rxd8 28. Bc3 Rb8 29. Bc6 Bc4 30. b6 Bxb6 31. Nxb6 Rxb6 32. Bf3 Bxe2 33. Bxe2 Rb3 34. a4 h6 35. Bxa5 Rb2 36. Bd1 Ne4 37. Bc2 Nd6 38. Bc3 Rb7 39. Bxg6 fxg6 40. Bxe5 Ne8 41. a5 Ra7 42. Ra1 Kf7 43. Bd4 Ra6 44. Bb6 Nd6 45. Rc1 Kf6 46. Rc7 Ke6 47. Rxg7 Kf6 48. Ra7 Rxa7 49. Bxa7 Nc4 50. a6 Ke6 51. Bd4 Kd5 1-0